| 000 | 00666cam a22002413a 4500 | ||
|---|---|---|---|
| 001 | 27595 | ||
| 003 | PGUSA | ||
| 005 | 20140828083609.0 | ||
| 008 | 081223s2008||||xxu|||||s|||||000 1 eng d | ||
| 040 |
_aPGUSA _beng |
||
| 042 | _adc | ||
| 050 | 4 | _aPS | |
| 100 | 1 |
_aClifton, Mark, _d1906-1963 |
|
| 245 | 1 | 0 |
_aEight Keys to Eden _h[electronic resource] / _cMark Clifton |
| 260 |
_bProject Gutenberg, _c2008 |
||
| 506 | _aPublic domain in the USA. | ||
| 516 | _aElectronic text | ||
| 653 | _aLife on other planets -- Fiction | ||
| 653 | _aScience fiction | ||
| 830 | 0 |
_aProject Gutenberg _v27595 |
|
| 856 | 4 | 0 | _uhttp://www.gutenberg.org/ebooks/27595 |
| 942 | _cEB | ||
| 999 |
_c256850 _d256850 |
||